000 00703nam a2200205Ia 4500
005 20220309160057.0
008 210716s2012 xx 000 0 und d
020 _a9789385965043
040 _cAIMIT LIBRARY
041 _aeng
082 _a658.87
_25
_bPRAS
100 _aPradhan, Swapna.
_923237
245 _aRetailing management :
_btext and cases /
_cBy Swapna Pradhan.
250 _a5th ed.
260 _aNew Delhi :
_bTata McGraw Hill Publishing Company Ltd ,
_c2012.
300 _aXviii, 730p. ;
_c24 cm.
650 _aRetail formats and theories of retail development
_923238
650 _aRetail pricing and evaluating merchandise performance
_923239
942 _2ddc
_cBK
_e5th
_k658.87 PRAS
999 _c210086
_d210086